000 00445 a2200157 4500
999 _c2575
_d2575
020 _a9781137403315
050 _aHD2741M002017
100 _aMoore, Marc
_eauthor
245 _aCorparate governance:
_bLaw, regulation and theory /
_cMarc Moore
264 _aCambridge:
_bPalgrave
_c2017
300 _a315.:
500 _aincludes index.
650 _acorporate gorvenence
700 _aMartin Petrin.
_eco- author
942 _2lcc
_cBK
_h2741
_iMOO
_kHD